Geography Quiz

Random Geography or Blitz Quiz

Isogram Asia Quiz Stats

 Plays Quiz Updated Mar 4, 2019

Score 0/17 Timer 03:00
0 Plays Today
% Correct
China
96.7%
Iran
84.9%
Laos
84.8%
Iraq
84.8%
Vietnam
81.9%
Nepal
79.8%
Israel
78.6%
Oman
77.2%
Jordan
73.1%
% Correct
Syria
73%
Bhutan
68.8%
Turkey
68.1%
Kuwait
65.8%
Singapore
60.5%
Brunei
54.9%
Uzbekistan
53.1%
Maldives
46.2%

You're not logged in!

Compare scores with friends on all Sporcle quizzes.
OR
Log In

Sporcle TV

Today on Sporcle TV


Watch our educational content, quiz creation guides, and fun videos on Sporcle TV.

Show Comments

Extras

Top Quizzes Today


Score Distribution

Your Account Isn't Verified!

In order to create a playlist on Sporcle, you need to verify the email address you used during registration. Go to your Sporcle Settings to finish the process.

Report this User

Report this user for behavior that violates our Community Guidelines.

Details: